| 000 | 00781nam a2200205Ia 4500 | ||
|---|---|---|---|
| 999 |
_c4416 _d4416 |
||
| 020 | _a0749916419 | ||
| 050 |
_aBF575 _b.S39 |
||
| 100 | 1 | _aDavies, Philippa. | |
| 245 | 1 | 0 |
_aYour total image : _bhow to communicate success _c Philippa Davies. |
| 250 | _aRev ed | ||
| 260 |
_aLondon : _bPiatkus, _c1996. |
||
| 300 |
_a192 pages : _billustrations. |
||
| 500 | _aIncludes index | ||
| 505 | _a1. Introduction: Your total image and you 2. Discovering your image 3. The first impression 4. Body talk 5. Your appearance 6. Your voice and speech 7. Speaking in public 8. Your image at work 9. Your working environment | ||
| 650 | 0 | _aCommunication. | |
| 650 | 0 | _aNonverbal communication. | |
| 650 | 0 | _aBusiness presentations. | |
| 650 | 0 | _aPublic speaking. | |
| 942 | _cBK | ||